000
00215 a2200109 4500
020
_a
9789505111923
041
_a
spa
100
_a
Julio Cortazar
245
_a
Todos los fuegos el fuego
942
_c
BK
952
_7
1
999
_c
22455
_d
22455